|
|
|
|
| LEADER |
01041nam a2200277 a 4500 |
| 001 |
3228889 |
| 008 |
090618r20011979 nyua b 001 0beng d |
| 010 |
|
|
|a 79087876
|
| 020 |
|
|
|a 0500201706
|
| 020 |
|
|
|a 0195201574
|
| 020 |
|
|
|a 0195201582 (pbk.)
|
| 040 |
|
|
|a DLC
|c DLC
|d DLC
|
| 082 |
0 |
0 |
|a 759.4
|a B
|
| 100 |
1 |
|
|a Gowing, Lawrence.
|
| 245 |
1 |
0 |
|a Matisse /
|c Lawrence Gowing.
|
| 260 |
|
|
|a New York :
|b Oxford University Press ;
|a London :
|b Thames and Hudson,
|c 1979.[Reprinted 2001]
|
| 300 |
|
|
|a 216 p. :
|b ill. ;
|c 21 cm.
|
| 490 |
1 |
|
|a The World of art
|
| 500 |
|
|
|a 191illustrations, 32 in colour.
|
| 504 |
|
|
|a Includes Bibliography (p. 203-204.)and index.
|
| 541 |
1 |
|
|e 00008396
|
| 600 |
1 |
0 |
|a Matisse, Henri,
|d 1869-1954.
|
| 650 |
|
0 |
|a Painters
|z France
|x Biography.
|
| 852 |
4 |
|
|a Ayesha Abed Library
|j General shelf
|
| 999 |
|
|
|c 948
|d 948
|
| 952 |
|
|
|0 0
|1 4
|2 ddc
|4 0
|6 759_400000000000000_GOW
|7 0
|9 1373
|a BRACUL
|b BRACUL
|c GEN
|d 2009-06-28
|g 0.00
|l 0
|o 759.4 GOW
|p 3010008396
|r 2009-06-28
|t 1
|w 2009-06-28
|y BK
|x No price found in the accession register.
|